MCSA/MCSE: Windows Server 2003 environment management & maintenance study guide. (2nd ed.) (Record no. 50798)

MARC details
000 -LEADER
fixed length control field 01211nam a2200277 a 4500
001 - CONTROL NUMBER
control field 14586818
008 - FIXED-LENGTH DATA ELEMENTS--GENERAL INFORMATION
fixed length control field 190131s2006 ||||||||||||||||| || u
010 ## - LIBRARY OF CONGRESS CONTROL NUMBER
LC control number 2006283910
020 ## - INTERNATIONAL STANDARD BOOK NUMBER
International Standard Book Number 9780782144482
050 ## - LIBRARY OF CONGRESS CALL NUMBER
Classification number QA 76.3 Don
100 ## - MAIN ENTRY--PERSONAL NAME
Personal name Donald, Lisa
245 10 - TITLE STATEMENT
Title MCSA/MCSE: Windows Server 2003 environment management & maintenance study guide. (2nd ed.)
Statement of responsibility, etc. By Lisa Donald with James Chellis.
250 ## - EDITION STATEMENT
Edition statement 2nd edition
260 ## - PUBLICATION, DISTRIBUTION, ETC.
Place of publication, distribution, etc. Indianapolis:
Name of publisher, distributor, etc. Wiley Publishing, Inc
Date of publication, distribution, etc. 2006
300 ## - PHYSICAL DESCRIPTION
Extent xliii, 675p.: ill.
350 ## - PRICE (NR) (BK AM CF MU VM SE) [OBSOLETE]
Price 32.15
500 ## - GENERAL NOTE
General note Accompanied by CD-ROM
650 #0 - SUBJECT ADDED ENTRY--TOPICAL TERM
Topical term or geographic name entry element ELECTRONIC DATA PROCESSING PERSONNEL--CERTIFICATION--STUDY GUIDES
650 #0 - SUBJECT ADDED ENTRY--TOPICAL TERM
Topical term or geographic name entry element COMPUTER NETWORKS--EXAMINATIONS--STUDY GUIDES
650 ## - SUBJECT ADDED ENTRY--TOPICAL TERM
Topical term or geographic name entry element MICROSOFT WINDOWS SERVER--EXAMINATIONS--STUDY GUIDES
700 ## - ADDED ENTRY--PERSONAL NAME
Personal name Chellis, James
856 ## - ELECTRONIC LOCATION AND ACCESS
Uniform Resource Identifier <a href="http://www.loc.gov/catdir/toc/fy0706/2006283910.html">http://www.loc.gov/catdir/toc/fy0706/2006283910.html</a>
856 ## - ELECTRONIC LOCATION AND ACCESS
Uniform Resource Identifier <a href="http://www.loc.gov/catdir/enhancements/fy0653/2006283910-d.html">http://www.loc.gov/catdir/enhancements/fy0653/2006283910-d.html</a>
856 ## - ELECTRONIC LOCATION AND ACCESS
Uniform Resource Identifier <a href="http://www.loc.gov/catdir/enhancements/fy0658/2006283910-b.html">http://www.loc.gov/catdir/enhancements/fy0658/2006283910-b.html</a>
995 ## - RECOMMENDATION 995 [LOCAL, UNIMARC FRANCE]
-- CBU-MAIN LIBRARY (Kitwe)
-- 32.15
-- 1
-- AVAILABLE
-- Jan 31, 2019
-- Main Library Open Access Collection
Holdings
Withdrawn status Lost status Source of classification or shelving scheme Damaged status Not for loan Home library Current library Shelving location Date acquired Total Checkouts Full call number Barcode Date last seen Price effective from Koha item type
          CBU-MAIN LIBRARY, KITWE. CBU-MAIN LIBRARY, KITWE.   11/30/2022   QA 76.3 Don 748348 11/30/2022 11/30/2022 MONOGRAPH